[Event "Novi Sad TS Mix 236th"]
[Site "Novi Sad"]
[Date "2022.02.09"]
[Round "2.1"]
[White "Psaila, Clarence"]
[Black "Dokic, Zoran"]
[Result "1-0"]
[WhiteElo "1941"]
[BlackElo "1921"]
[PlyCount "40"]
[EventDate "2022.02.08"]
[EventType "schev"]
[EventRounds "9"]
[EventCountry "SRB"]
[SourceTitle "CBM 207 Extra"]
[Source "ChessBase"]
[SourceDate "2022.05.31"]
[SourceVersion "1"]
[SourceVersionDate "2022.05.31"]
[SourceQuality "1"]
[WhiteTeam "Team B"]
[BlackTeam "Team A"]
[WhiteTeamCountry "SRB"]
[BlackTeamCountry "SRB"]

1. d4 Nf6 2. Nf3 e6 3. g3 b6 4. Bg2 Bb7 5. 0-0 d5 6. c4 Nbd7 7. Nbd2 Ne4 8. Nxe4 dxe4 9. Ng5 Nf6 10. Qc2 Qxd4 11. Rd1 Qe5 12. Bf4 Qf5 13. Bh3 Qg6 14. Bg2 Bc5 15. Qa4+ Ke7 16. b4 h6 17. bxc5 hxg5 18. Bxc7 Kf8 19. c6 Bc8 20. Rd8+ Ne8 1-0

[Event "Skalica op"]
[Site "Skalica"]
[Date "2021.08.27"]
[Round "7"]
[White "Farkas, Renata"]
[Black "Psaila, Clarence"]
[Result "1-0"]
[WhiteElo "1937"]
[BlackElo "1965"]
[PlyCount "53"]
[EventDate "2021.08.21"]
[EventType "swiss"]
[EventRounds "9"]
[EventCountry "SVK"]
[SourceTitle "CBM 204 Extra"]
[Source "ChessBase"]
[SourceDate "2021.11.30"]
[SourceVersion "1"]
[SourceVersionDate "2021.11.30"]
[SourceQuality "1"]

1. c4 f5 2. g3 Nf6 3. Bg2 d6 4. d4 e6 5. Nc3 Be7 6. e4 e5 7. exf5 c6 8. g4 h5 9. g5 Ng8 10. Nf3 Bxf5 11. Nh4 g6 12. Nxf5 gxf5 13. h4 Qb6 14. d5 Nd7 15. dxc6 bxc6 16. Qf3 0-0-0 17. Qxc6+ Qxc6 18. Bxc6 Nc5 19. Be3 Nd3+ 20. Ke2 Nxb2 21. Bd5 Bf8 22. Rab1 f4 23. Bc1 Nxc4 24. Bxc4 Ne7 25. Be6+ Kc7 26. Nb5+ Kc6 27. Bd2 1-0

[Event "Skalica op"]
[Site "Skalica"]
[Date "2021.08.26"]
[Round "6"]
[White "Psaila, Clarence"]
[Black "Lhotska, Anna"]
[Result "0-1"]
[WhiteElo "1965"]
[BlackElo "1969"]
[PlyCount "76"]
[EventDate "2021.08.21"]
[EventType "swiss"]
[EventRounds "9"]
[EventCountry "SVK"]
[SourceTitle "CBM 204 Extra"]
[Source "ChessBase"]
[SourceDate "2021.11.30"]
[SourceVersion "1"]
[SourceVersionDate "2021.11.30"]
[SourceQuality "1"]

1. d4 Nf6 2. Bf4 c5 3. d5 d6 4. Nc3 e6 5. e4 exd5 6. exd5 a6 7. a4 Qe7+ 8. Be2 g6 9. Nf3 Bg7 10. 0-0 0-0 11. Re1 Qc7 12. Nd2 Nbd7 13. Nc4 Ne8 14. Ne4 Ne5 15. c3 Nxc4 16. Bxc4 h6 17. a5 f5 18. Nxd6 Nxd6 19. Re6 Bxe6 20. dxe6 Rfd8 21. e7+ Kh7 22. exd8Q Rxd8 23. Qe2 Qc6 24. Rd1 Re8 25. Bd5 Rxe2 26. Bxc6 bxc6 27. Bxd6 Rxb2 28. Bxc5 Bxc3 29. Rd7+ Kg8 30. g3 Bxa5 31. Ra7 Rb5 32. Bd4 c5 33. Bf6 Rb6 34. Be5 Rc6 35. Kf1 c4 36. Bf4 g5 37. Bc1 Re6 38. Rd7 Re1+ 0-1

[Event "Olympiad-43"]
[Site "Batumi"]
[Date "2018.09.25"]
[Round "2.4"]
[White "Nevska, Gerda"]
[Black "Psaila, Clarence"]
[Result "0-1"]
[WhiteElo "1819"]
[BlackElo "2002"]
[PlyCount "66"]
[EventDate "2018.09.24"]
[EventType "team-swiss"]
[EventRounds "11"]
[EventCountry "GEO"]
[SourceTitle "CBM 187"]
[Source "ChessBase"]
[SourceDate "2018.12.11"]
[SourceVersion "1"]
[SourceVersionDate "2018.12.11"]
[SourceQuality "1"]
[WhiteTeam "Guernsey"]
[BlackTeam "Malta"]
[WhiteTeamCountry "GCI"]
[BlackTeamCountry "MLT"]

1. c4 f5 2. g3 Nf6 3. Bg2 d6 4. Nc3 e5 5. d3 Be7 6. e3 c6 7. Nge2 0-0 8. 0-0 Na6 9. Rb1 Nc7 10. b4 Be6 11. b5 d5 12. bxc6 bxc6 13. Qa4 Qd6 14. Rb7 Nd7 15. d4 Nb6 16. c5 Nxa4 17. cxd6 Nxc3 18. dxe7 Nxe2+ 19. Kh1 Rfc8 20. Bd2 exd4 21. Re1 Nc3 22. exd4 Ne4 23. Ba5 Ne8 24. f3 N4d6 25. Rb3 Kf7 26. Bd8 Nc4 27. Rb4 Rab8 28. Reb1 Rxb4 29. Rxb4 Ned6 30. Bf1 a5 31. Ra4 Rb8 32. Bxc4 Nxc4 33. Bc7 Rb7 0-1

[Event "Olomouc Summmer op 21st"]
[Site "Olomouc"]
[Date "2018.08.15"]
[Round "6"]
[White "Psaila, Clarence"]
[Black "Stigar, Petter"]
[Result "0-1"]
[WhiteElo "1964"]
[BlackElo "2217"]
[PlyCount "62"]
[EventDate "2018.08.11"]
[EventType "swiss"]
[EventRounds "9"]
[EventCountry "CZE"]
[SourceTitle "CBM 186 Extra"]
[Source "ChessBase"]
[SourceDate "2018.08.24"]
[SourceVersion "1"]
[SourceVersionDate "2018.08.24"]
[SourceQuality "1"]

1. Nf3 d5 2. c4 e6 3. g3 Nf6 4. Bg2 Be7 5. 0-0 0-0 6. d4 dxc4 7. Qc2 a6 8. Qxc4 b5 9. Qc2 Bb7 10. Bd2 Bd6 11. a3 Nbd7 12. Ba5 Qb8 13. b4 Be4 14. Qc1 Qb7 15. Nbd2 Bd5 16. Ne1 Bxg2 17. Nxg2 e5 18. dxe5 Nxe5 19. Ne3 Rfe8 20. Ra2 Rac8 21. Rc2 g6 22. Nb3 Nd5 23. Nc5 Bxc5 24. Nxd5 Bxf2+ 25. Rxf2 Qxd5 26. Bxc7 Ng4 27. Rc5 Qd4 28. e3 Rxe3 29. Bb6 Rxg3+ 30. hxg3 Qxf2+ 31. Kh1 Qh2# 0-1

[Event "Kecskemet Caissa IM 12"]
[Site "Kecskemet"]
[Date "2016.12.22"]
[Round "10"]
[White "Radlovacki, Jovan"]
[Black "Psaila, Clarence"]
[Result "1-0"]
[WhiteElo "2345"]
[BlackElo "2036"]
[PlyCount "163"]
[EventDate "2016.12.14"]
[EventType "tourn"]
[EventRounds "10"]
[EventCountry "HUN"]
[EventCategory "1"]
[SourceTitle "CBM 176 Extra"]
[Source "ChessBase"]
[SourceDate "2017.03.02"]
[SourceVersion "1"]
[SourceVersionDate "2017.03.02"]
[SourceQuality "1"]

1. e4 e6 2. d3 d5 3. Nd2 Nf6 4. Ngf3 c5 5. g3 Nc6 6. Bg2 Be7 7. 0-0 b6 8. e5 Nd7 9. Re1 Bb7 10. c3 Qc7 11. Qe2 g5 12. g4 h5 13. h3 hxg4 14. hxg4 0-0-0 15. Nf1 Rdg8 16. a3 Rh6 17. b4 d4 18. cxd4 Rgh8 19. d5 exd5 20. d4 Nxd4 21. Nxd4 cxd4 22. Bb2 Kb8 23. Rac1 Qd8 24. Bxd4 Nf8 25. e6 Rxe6 26. Qf3 Rh7 27. Qf5 Bd6 28. Bf3 Bf4 29. Rcd1 Qe7 30. Ne3 Ng6 31. Re2 Rh3 32. Bg2 Nh4 33. Bxh3 Nxf5 34. gxf5 Rh6 35. f6 Bh2+ 36. Kf1 Qe8 37. Bg2 Ba6 38. Bxd5 Bxe2+ 39. Kxe2 Be5 40. Bxf7 Qxf7 41. Bxe5+ Kb7 42. b5 Rxf6 43. Bxf6 Qxf6 44. Rd7+ Kb8 45. Rd5 Qg7 46. Rf5 Qh6 47. f3 Kc7 48. Kd3 Qh4 49. Rf7+ Kb8 50. Rf8+ Kb7 51. Rf5 Kc7 52. Ng4 Kd6 53. Rf6+ Kd5 54. Rf5+ Kd6 55. Ke2 Ke7 56. a4 Ke6 57. Rf6+ Ke7 58. Rh6 Qg3 59. Rh7+ Ke6 60. Rxa7 Qg2+ 61. Nf2 Ke5 62. Re7+ Kf5 63. Re4 Kf6 64. Rg4 Qh2 65. Ke3 Qc7 66. Ne4+ Ke7 67. Nxg5 Qc5+ 68. Ke2 Qc2+ 69. Kf1 Qd1+ 70. Kg2 Qe2+ 71. Kg3 Qe1+ 72. Kh2 Qf2+ 73. Kh3 Qf1+ 74. Kg3 Qe1+ 75. Kf4 Qd2+ 76. Ke5 Qd6+ 77. Ke4 Qb4+ 78. Kf5 Qc5+ 79. Kg6 Qd6+ 80. Kh5 Qh2+ 81. Rh4 Qe2 82. Re4+ 1-0

[Event "Kecskemet Caissa IM 12"]
[Site "Kecskemet"]
[Date "2016.12.21"]
[Round "9"]
[White "Psaila, Clarence"]
[Black "Meszaros, Andras"]
[Result "1/2-1/2"]
[WhiteElo "2036"]
[BlackElo "2260"]
[PlyCount "40"]
[EventDate "2016.12.14"]
[EventType "tourn"]
[EventRounds "10"]
[EventCountry "HUN"]
[EventCategory "1"]
[SourceTitle "CBM 176 Extra"]
[Source "ChessBase"]
[SourceDate "2017.03.02"]
[SourceVersion "1"]
[SourceVersionDate "2017.03.02"]
[SourceQuality "1"]

1. e4 e5 2. Nf3 Nc6 3. Bc4 Nf6 4. d3 Be7 5. 0-0 0-0 6. Re1 d6 7. h3 h6 8. c3 a6 9. Bb3 Na5 10. Bc2 c5 11. Nbd2 Re8 12. Nf1 Bf8 13. Ng3 g6 14. d4 cxd4 15. cxd4 Nc6 16. Bb3 exd4 17. Nxd4 Nxd4 18. Qxd4 Bg7 19. Qd3 Be6 20. Bxe6 Rxe6 1/2-1/2

[Event "Kecskemet Caissa IM 12"]
[Site "Kecskemet"]
[Date "2016.12.20"]
[Round "8"]
[White "Nadj Hedjesi, Balind"]
[Black "Psaila, Clarence"]
[Result "1/2-1/2"]
[WhiteElo "2319"]
[BlackElo "2036"]
[PlyCount "35"]
[EventDate "2016.12.14"]
[EventType "tourn"]
[EventRounds "10"]
[EventCountry "HUN"]
[EventCategory "1"]
[SourceTitle "CBM 176 Extra"]
[Source "ChessBase"]
[SourceDate "2017.03.02"]
[SourceVersion "1"]
[SourceVersionDate "2017.03.02"]
[SourceQuality "1"]

1. d4 e6 2. e4 d5 3. exd5 exd5 4. Qf3 Nf6 5. h3 Be7 6. Bd3 0-0 7. Ne2 Re8 8. 0-0 Nbd7 9. Nbc3 c6 10. Ng3 Nf8 11. Nf5 Bxf5 12. Bxf5 g6 13. Bd3 Ne6 14. Ne2 Bf8 15. c3 Bg7 16. Bd2 Ne4 17. Rad1 f5 18. g3 1/2-1/2

[Event "Kecskemet Caissa IM 12"]
[Site "Kecskemet"]
[Date "2016.12.18"]
[Round "6"]
[White "Psaila, Clarence"]
[Black "To, Nhat Minh"]
[Result "0-1"]
[WhiteElo "2036"]
[BlackElo "2315"]
[PlyCount "78"]
[EventDate "2016.12.14"]
[EventType "tourn"]
[EventRounds "10"]
[EventCountry "HUN"]
[EventCategory "1"]
[SourceTitle "CBM 176 Extra"]
[Source "ChessBase"]
[SourceDate "2017.03.02"]
[SourceVersion "1"]
[SourceVersionDate "2017.03.02"]
[SourceQuality "1"]

1. Nf3 d5 2. c4 e6 3. g3 Be7 4. Bg2 Nf6 5. 0-0 0-0 6. d4 c6 7. Qc2 b6 8. Nbd2 Nbd7 9. e4 Bb7 10. e5 Ne8 11. Rd1 Nc7 12. Nf1 dxc4 13. Qxc4 Nd5 14. Ne3 c5 15. Qe2 Qc7 16. Nxd5 Bxd5 17. dxc5 Nxc5 18. Bf4 Qb7 19. Ne1 Rfd8 20. Bxd5 Rxd5 21. Nc2 Rad8 22. h4 Nd3 23. Ne3 Nxf4 24. gxf4 Rxd1+ 25. Rxd1 Bxh4 26. Rxd8+ Bxd8 27. Qb5 Be7 28. f5 Bf8 29. a4 exf5 30. Nxf5 Qe4 31. Ne3 g6 32. Nc4 Bc5 33. Qe8+ Kg7 34. b3 Qe1+ 35. Kg2 Qxf2+ 36. Kh3 Qf3+ 37. Kh2 Qe2+ 38. Kh3 Qd3+ 39. Kg2 Qc2+ 0-1

[Event "Olympiad-42"]
[Site "Baku"]
[Date "2016.09.12"]
[Round "10.3"]
[White "Valdes Romero, Leonardo"]
[Black "Psaila, Clarence"]
[Result "1-0"]
[WhiteElo "2387"]
[BlackElo "2057"]
[PlyCount "81"]
[EventDate "2016.09.02"]
[EventType "team-swiss"]
[EventRounds "11"]
[EventCountry "AZE"]
[SourceTitle "CBM 175"]
[Source "ChessBase"]
[SourceDate "2016.11.10"]
[SourceVersion "1"]
[SourceVersionDate "2016.11.10"]
[SourceQuality "1"]
[WhiteTeam "Costa Rica"]
[BlackTeam "Malta"]
[WhiteTeamCountry "CRI"]
[BlackTeamCountry "MLT"]

1. Nf3 e6 2. g3 f5 3. Bg2 Nf6 4. c4 Be7 5. 0-0 0-0 6. Nc3 d6 7. d4 Ne4 8. Nxe4 fxe4 9. Nd2 d5 10. f3 Nc6 11. fxe4 Rxf1+ 12. Nxf1 dxc4 13. Be3 Bd7 14. b3 Na5 15. e5 Bc6 16. Bxc6 bxc6 17. b4 Bxb4 18. Qa4 Bc3 19. Rc1 Bxd4 20. Qxa5 Bb6 21. Qc3 Qg5 22. Bxb6 axb6 23. Qxc4 Qxe5 24. Qxc6 Rf8 25. Qc4 c5 26. e3 Qf5 27. Qe2 b5 28. g4 Qg5 29. Qxb5 Qxg4+ 30. Ng3 h5 31. Qc4 Qg5 32. Qxc5 e5 33. Rf1 Rd8 34. Qc4+ Kh8 35. Qe2 g6 36. Kh1 Qe7 37. Qf3 Rd2 38. Nxh5 gxh5 39. Qxh5+ Kg7 40. Rg1+ Kf6 41. Qg6# 1-0

[Event "Olympiad-42"]
[Site "Baku"]
[Date "2016.09.08"]
[Round "6.3"]
[White "Greenidge, Ronuel"]
[Black "Psaila, Clarence"]
[Result "0-1"]
[WhiteElo "1723"]
[BlackElo "2057"]
[PlyCount "132"]
[EventDate "2016.09.02"]
[EventType "team-swiss"]
[EventRounds "11"]
[EventCountry "AZE"]
[SourceTitle "CBM 175"]
[Source "ChessBase"]
[SourceDate "2016.11.10"]
[SourceVersion "1"]
[SourceVersionDate "2016.11.10"]
[SourceQuality "1"]
[WhiteTeam "Guyana"]
[BlackTeam "Malta"]
[WhiteTeamCountry "GUY"]
[BlackTeamCountry "MLT"]

1. d4 e6 2. c4 f5 3. Nc3 Nf6 4. g3 Be7 5. Bg2 0-0 6. Nh3 d6 7. 0-0 e5 8. d5 Qe8 9. f4 e4 10. Nb5 Bd8 11. e3 a6 12. Nd4 c5 13. Nc2 b5 14. b3 Nbd7 15. Re1 Nb6 16. Bf1 h6 17. Bb2 bxc4 18. bxc4 Na4 19. Rb1 Ba5 20. Re2 Rb8 21. Bxf6 Rxb1 22. Qxb1 Rxf6 23. Qb8 Qd7 24. Na1 Rf8 25. Qb3 Bc3 26. Qb1 Qc7 27. Qc2 Bd7 28. Nb3 Bf6 29. Rg2 Rb8 30. g4 Nb6 31. g5 hxg5 32. fxg5 Be5 33. g6 Qd8 34. Ng5 Bf6 35. h4 Qe8 36. Nf7 Qe7 37. Qe2 Be8 38. Qh5 Bxf7 39. Qh7+ Kf8 40. gxf7 Qxf7 41. Qxf5 Re8 42. Qh7 Re5 43. Be2 Qg8 44. Qg6 Qf7 45. Qg4 Qd7 46. Qg3 Qe7 47. Na5 Bxh4 48. Nc6 Bxg3 49. Nxe7 Kxe7 50. Rxg3 Kf6 51. Kf2 Rf5+ 52. Ke1 Rg5 53. Kf2 Rxg3 54. Kxg3 Kg5 55. Kh3 a5 56. Kg3 Nd7 57. Bg4 Ne5 58. Be2 Nd3 59. Bg4 Nb4 60. a4 Nc2 61. Bd7 Nxe3 62. Bb5 Nd1 63. Bd7 Nb2 64. Bb5 Kf5 65. Kg2 Kf4 66. Kf2 g5 0-1

[Event "Olympiad-42"]
[Site "Baku"]
[Date "2016.09.05"]
[Round "4.3"]
[White "Psaila, Clarence"]
[Black "Lamawansa, Yasas"]
[Result "0-1"]
[WhiteElo "2057"]
[BlackElo "2052"]
[PlyCount "112"]
[EventDate "2016.09.02"]
[EventType "team-swiss"]
[EventRounds "11"]
[EventCountry "AZE"]
[SourceTitle "CBM 175"]
[Source "ChessBase"]
[SourceDate "2016.11.10"]
[SourceVersion "1"]
[SourceVersionDate "2016.11.10"]
[SourceQuality "1"]
[WhiteTeam "Malta"]
[BlackTeam "Sri Lanka"]
[WhiteTeamCountry "MLT"]
[BlackTeamCountry "SRI"]

1. e4 c5 2. Nf3 d6 3. Bb5+ Bd7 4. Bxd7+ Qxd7 5. c4 Nc6 6. d4 cxd4 7. Nxd4 g6 8. Nc3 Bg7 9. Be3 Nf6 10. f3 a6 11. 0-0 0-0 12. a4 Qc7 13. b3 e6 14. Nde2 Rfd8 15. Rc1 Qa5 16. Qd2 d5 17. exd5 exd5 18. cxd5 Nxd5 19. Nxd5 Qxd2 20. Bxd2 Rxd5 21. Bc3 Re8 22. Nf4 Rd7 23. Bxg7 Kxg7 24. Rfe1 Rxe1+ 25. Rxe1 Rd4 26. Re4 Rd1+ 27. Kf2 Rb1 28. Nd3 Rxb3 29. Nc5 Rb2+ 30. Kg3 a5 31. Re8 h5 32. Rc8 Nd4 33. f4 Rc2 34. Rc7 Kh6 35. h4 b5 36. axb5 Nxb5 37. Rc8 Nd6 38. Rc7 Rxc5 39. Ra7 Kg7 40. Kf3 Nf5 41. g3 Rc3+ 42. Kf2 Rxg3 43. Rxa5 Rg4 44. Kf3 Nxh4+ 45. Kf2 Rxf4+ 46. Kg3 Rb4 47. Ra7 Nf5+ 48. Kh3 g5 49. Kh2 Rb2+ 50. Kh1 h4 51. Kg1 Kg6 52. Ra6+ f6 53. Kh1 g4 54. Ra8 h3 55. Ra3 g3 56. Ra1 Nh4 0-1

[Event "Olympiad-42"]
[Site "Baku"]
[Date "2016.09.02"]
[Round "1.4"]
[White "Psaila, Clarence"]
[Black "Marin, Mihail"]
[Result "0-1"]
[WhiteElo "2057"]
[BlackElo "2572"]
[PlyCount "86"]
[EventDate "2016.09.02"]
[EventType "team-swiss"]
[EventRounds "11"]
[EventCountry "AZE"]
[SourceTitle "CBM 175"]
[Source "ChessBase"]
[SourceDate "2016.11.10"]
[SourceVersion "1"]
[SourceVersionDate "2016.11.10"]
[SourceQuality "1"]
[WhiteTeam "Malta"]
[BlackTeam "Romania"]
[WhiteTeamCountry "MLT"]
[BlackTeamCountry "ROU"]

1. Nf3 Nf6 2. c4 g6 3. Nc3 Bg7 4. g3 0-0 5. Bg2 d6 6. d4 Nbd7 7. 0-0 e5 8. e4 c6 9. h3 Qb6 10. Rb1 exd4 11. Nxd4 Ne8 12. Be3 Qb4 13. Qa4 a5 14. a3 Qxa4 15. Nxa4 Nc7 16. Rfd1 Ra6 17. f3 Re8 18. Bf2 Bf8 19. Bf1 Nc5 20. Nxc5 dxc5 21. Nc2 a4 22. b4 axb3 23. Rxb3 Ne6 24. h4 Ra4 25. Kg2 Bg7 26. Be2 h5 27. Be3 f5 28. Kf2 fxe4 29. fxe4 Bf8 30. Bd3 Rd8 31. Ke2 Nd4+ 32. Nxd4 cxd4 33. Bg5 Bg4+ 34. Ke1 Bxd1 35. Kxd1 Rd7 36. Bc1 Bc5 37. Kc2 b6 38. Be2 Rda7 39. Bb2 Rf7 40. Kd2 Ra8 41. Rd3 Rf2 42. Ke1 Rh2 43. Rf3 Re8 0-1

[Event "Eger Agria op 40th"]
[Site "Eger"]
[Date "2016.07.22"]
[Round "7"]
[White "Pota, Lajos"]
[Black "Psaila, Clarence"]
[Result "0-1"]
[WhiteElo "1646"]
[BlackElo "2080"]
[PlyCount "108"]
[EventDate "2016.07.18"]
[EventType "swiss"]
[EventRounds "8"]
[EventCountry "HUN"]
[SourceTitle "EXT 2020"]
[Source "ChessBase"]
[SourceDate "2019.10.17"]
[SourceVersion "1"]
[SourceVersionDate "2019.10.17"]
[SourceQuality "1"]

1. d4 e6 2. e4 d5 3. e5 c5 4. c3 Qb6 5. Qb3 Qxb3 6. axb3 cxd4 7. cxd4 Nc6 8. Nf3 Nb4 9. Na3 Ne7 10. Bb5+ Bd7 11. Bxd7+ Kxd7 12. 0-0 h6 13. Bd2 Nec6 14. Bc3 Be7 15. Rfc1 Rhc8 16. Nc2 Nxc2 17. Rxc2 Nb4 18. Rd2 Rc6 19. Kf1 Na6 20. Ne1 Nc7 21. b4 Nb5 22. Rd3 Rac8 23. Ke2 a6 24. Kd2 Rc4 25. f4 Bxb4 26. Bxb4 Rxb4 27. Rc1 Nxd4 28. Rxc8 Kxc8 29. Rc3+ Rc4 30. g3 Rxc3 31. bxc3 Nb5 32. Kd3 Kc7 33. c4 dxc4+ 34. Kxc4 Kc6 35. Nc2 a5 36. g4 g6 37. h3 a4 38. h4 a3 39. Nb4+ Kb6 40. Kb3 Kc5 41. Kc2 h5 42. gxh5 gxh5 43. Kb3 Kd4 44. Nc2+ Ke4 45. Kc4 Nc7 46. Nxa3 b5+ 47. Kc5 Kxf4 48. Kd6 b4 49. Nc4 Nd5 50. Nd2 Kg4 51. Nb3 Kxh4 52. Nd4 Kg4 53. Nxe6 fxe6 54. Kxe6 Nf4+ 0-1

[Event "Eger Agria op 40th"]
[Site "Eger"]
[Date "2016.07.21"]
[Round "6"]
[White "Psaila, Clarence"]
[Black "Muranyi, Peter"]
[Result "1/2-1/2"]
[WhiteElo "2080"]
[BlackElo "1523"]
[PlyCount "63"]
[EventDate "2016.07.18"]
[EventType "swiss"]
[EventRounds "8"]
[EventCountry "HUN"]
[SourceTitle "EXT 2020"]
[Source "ChessBase"]
[SourceDate "2019.10.17"]
[SourceVersion "1"]
[SourceVersionDate "2019.10.17"]
[SourceQuality "1"]

1. Nf3 Nf6 2. c4 c6 3. d4 d5 4. Qc2 e6 5. Nbd2 Bd6 6. g3 Nbd7 7. Bg2 0-0 8. 0-0 Re8 9. Rd1 Nf8 10. e4 dxe4 11. Nxe4 Nxe4 12. Qxe4 Ng6 13. h4 Qe7 14. h5 Nf8 15. c5 Bc7 16. Bf4 h6 17. Bxc7 Qxc7 18. Bf1 Nh7 19. Ne5 Nf6 20. Qf3 Bd7 21. Bd3 Rad8 22. g4 Bc8 23. Bc2 Nd5 24. Qd3 f5 25. Qg3 Qe7 26. f4 fxg4 27. Nxg4 Rf8 28. Nxh6+ Kh8 29. Ng4 Nxf4 30. Ne5 Qf6 31. Rd2 Rxd4 32. Ng6+ 1/2-1/2

[Event "Klatovy op 22nd"]
[Site "Klatovy"]
[Date "2016.07.06"]
[Round "5"]
[White "Danek, Vaclav"]
[Black "Psaila, Clarence"]
[Result "0-1"]
[WhiteElo "1921"]
[BlackElo "2080"]
[PlyCount "100"]
[EventDate "2016.07.02"]
[EventType "swiss"]
[EventRounds "9"]
[EventCountry "CZE"]
[SourceTitle "CBM 173 Extra"]
[Source "ChessBase"]
[SourceDate "2016.08.29"]
[SourceVersion "1"]
[SourceVersionDate "2016.08.29"]
[SourceQuality "1"]

1. e4 e6 2. d3 d5 3. Nd2 c5 4. Ngf3 Nf6 5. g3 Nc6 6. Bg2 Be7 7. 0-0 b6 8. e5 Nd7 9. Re1 Bb7 10. c3 Qc7 11. Qe2 0-0-0 12. a3 g5 13. h3 h5 14. Nf1 Rdg8 15. g4 hxg4 16. hxg4 Na5 17. b4 Nb3 18. Rb1 Nxc1 19. Rexc1 c4 20. Re1 cxd3 21. Qxd3 Qc4 22. Qd4 Qxd4 23. cxd4 Nf8 24. Ng3 Ng6 25. Bf1 Nf4 26. Re3 Kb8 27. Rc3 Rc8 28. Rbc1 Rxc3 29. Rxc3 Rc8 30. Rxc8+ Bxc8 31. b5 Bd7 32. a4 f6 33. Ne2 Ng6 34. Kh2 a6 35. Ng3 axb5 36. axb5 fxe5 37. Nxe5 Nxe5 38. dxe5 Bc5 39. f4 gxf4 40. Nh5 Bd4 41. g5 Be8 42. Nxf4 Bxe5 43. Kg3 Kc7 44. Bd3 Kd6 45. g6 Ke7 46. Kg4 Bxf4 47. Kxf4 Kf6 48. g7 e5+ 49. Kg4 Kxg7 50. Kg5 Bd7 0-1

[Event "London Crouch op"]
[Site "London"]
[Date "2016.04.07"]
[Round "6"]
[White "Psaila, Clarence"]
[Black "Grieve, Harry"]
[Result "1/2-1/2"]
[WhiteElo "2067"]
[BlackElo "2106"]
[PlyCount "73"]
[EventDate "2016.04.02"]
[EventType "swiss"]
[EventRounds "9"]
[EventCountry "ENG"]
[SourceTitle "CBM 171 Extra"]
[Source "ChessBase"]
[SourceDate "2016.04.26"]
[SourceVersion "1"]
[SourceVersionDate "2016.04.26"]
[SourceQuality "1"]

1. Nf3 Nf6 2. c4 e6 3. g3 d5 4. Bg2 Be7 5. 0-0 0-0 6. d4 dxc4 7. Qc2 a6 8. Qxc4 b5 9. Qc2 Bb7 10. Bd2 Nc6 11. Rd1 Nb4 12. Bxb4 Bxb4 13. a3 Be4 14. Qc1 Ba5 15. b4 Bb6 16. Nc3 Bb7 17. Qf4 Qd6 18. Ne5 Bxg2 19. Kxg2 Rad8 20. e3 Nd5 21. Nxd5 Qxd5+ 22. Qf3 f6 23. Qxd5 Rxd5 24. Nd3 Rfd8 25. f4 a5 26. Rdc1 a4 27. Rc6 Kf7 28. Rac1 Ke7 29. Nc5 R8d6 30. Ne4 Rxc6 31. Rxc6 Kd7 32. Rc2 c6 33. Kf3 e5 34. Nc3 Rd6 35. Ne4 Rd5 36. Nc3 Rd6 37. Ne4 1/2-1/2